| 000 | 00803nam a2200205Ia 4500 | ||
|---|---|---|---|
| 003 | GCL | ||
| 008 | 140319s9999 xx 000 0 ara d | ||
| 040 |
_aGCL / _cGCL |
||
| 082 | 0 | 4 |
_a415 _bا ش |
| 100 | 1 | _aابن الشجرى : ابوالسعادات هبة الله بن على بن محمد بن حمزة العلوى الحسنى | |
| 245 | 1 | 0 |
_aامالى ابن الشجرى / _cابن الشجرى : ابوالسعادات هبة الله بن على بن محمد بن حمزة العلوى الحسنى |
| 700 | 1 | _aمحمود محمد الطناحى | |
| 260 |
_a[S.N] : _bمكتبة الخانجى ، _c1992 |
||
| 490 | _a | ||
| 650 | 0 | 4 | _aالشعر العربى |
| 650 | 0 | 4 | _aالادب العربى |
| 650 | 0 | 4 | _aالنحو |
| 650 | 0 | 4 | _aاللغة العربية |
| 942 |
_2ddc _cBK |
||
| 999 |
_c36813 _d36813 |
||